LEADER 01305nam a2200277 4500 001 000000352748 003 CaOOAMICUS 005 20230120104154.0 008 230120s2022 it a 000 u ita r 020 $a979-1-259-62276-1 040 $aSeMil$bita 100 1 $aBini, Enrico,$d<1958- >.$0(OLS)http://semarc/name/84802 245 10$aNulla č pił caro della libertą :$bCesare Guasti (1822-1889): fede e storia /$c[Enrico Bini]. 264 1$aSiena :$bCantagalli,$c2022. 300 $a318 p., [4] carte di tav. ;$bill. ;$c24 cm 490 1 $aStudi e memorie ;$v13 500 $aA pič del front.: Associazione culturale Cesare Guasti, Prato 600 14$aGuasti, Cesare <1822-1889>.$0(OLS)http://semarc/subject/14078 830 0$aStudi e memorie / Associazione culturale Cesare Guasti ;$v13.$0(OLS)http://semarc/title/428401 850 $aSeMil 852 $aSeMil$W1$xVenegono$y1$m3H V 435$j236570$B243962$CSeMilBibl$Z2$F243962 $81 961 $aIn omaggio per recensione su La scuola cattolica 996 $6020$a979-1-259-62276-1$9(OLS)http://semarc/number/297504 996 $6245$aNulla č pił caro della libertą :$bCesare Guasti (1822-1889): fede e storia$9(OLS)http://semarc/title/442656 996 $6264$aSiena :$bCantagalli$9(OLS)http://semarc/publisher/29767 LEADER 01416nam a2200265 i 4500 001 000000202103 003 CaOOAMICUS 005 20241001121316.0 008 110516s1930 it u000 u ita u 040 $aSeMil$bita 100 1 $aMochi Onory, Sergio,$d<1902-1953>.$0(OLS)http://semarc/name/51226 245 10$aRicerche sui poteri civili dei vescovi nelle cittą umbre durante l'Alto Medio Evo /$cSergio Mochi Onory. 260 $aRoma :$bRivista di Storia del Diritto Italiano,$c1930. 264 1$aRoma :$bRivista di Storia del Diritto Italiano,$c1930. 300 $a257 p. ;$c24 cm. 490 1 $aBiblioteca della rivista di storia del diritto italiano ;$v2 650 4$aUmbria - Storia religiosa - Medioevo.$0(OLS)http://semarc/subject/56395 650 4$aVescovi - Potere civile - Medioevo.$0(OLS)http://semarc/subject/56394 830 0$aBiblioteca della rivista di storia del diritto italiano ;$v2.$0(OLS)http://semarc/title/19479 850 $aSeMil 852 $aSeMil$W1$xVenegono$y1$m3T VI 26$j251160$B152626$CSeMilBibl$Z2$F163694 $81 996 $6245$aRicerche sui poteri civili dei vescovi nelle cittą umbre durante l'Alto Medio Evo$9(OLS)http://semarc/title/292536 996 $6260$aRoma :$bRivista di Storia del Diritto Italiano$9(OLS)http://semarc/publisher/51695 996 $6264$aRoma :$bRivista di Storia del Diritto Italiano$9(OLS)http://semarc/publisher/51695 LEADER 01395nam a2200301 i 4500 001 000000149587 003 CaOOAMICUS 005 20250123115825.0 008 060407s2005 gw u000 u ger u 013 $a126911 020 $a3-451-26839-6 040 $aSeMil$bita 240 10$aBibbia. Antico Testamento. Geremia.$0(OLS)http://semarc/title/451684 245 10$aJeremia 26-52 /$cübersetzt und ausgelegt von Georg Fischer. 260 $aFreiburg ; Basel ; Wien :$bHerder,$c2005. 300 $a744 p. :$bill. ;$c25 cm. 490 0 $aHerders theologischer Kommentar zum Alten Testament 650 4$aBibbia. Antico Testamento. Geremia - Commentari, studi, critica, interpretazioni.$0(OLS)http://semarc/subject/29 650 4$aBibbia. Antico Testamento. Geremia, 26-52.$0(OLS)http://semarc/subject/29231 700 1 $aFischer, Georg,$c.$0(OLS)http://semarc/name/90482 830 0$aHerders theologischer Kommentar zum Alten Testament.$0(OLS)http://semarc/title/5798 850 $aSeMil 852 $aSeMil$W1$xVenegono$y1$m2YA B 29/2$j254028$B101790$CSeMilBibl$Z2$F110593 $81 961 $aSottoscrizione: Herder 996 $6020$a3-451-26839-6$9(OLS)http://semarc/number/138713 996 $6245$aJeremia 26-52$9(OLS)http://semarc/title/218631 996 $6260$aFreiburg ; Basel ; Wien :$bHerder$9(OLS)http://semarc/publisher/29643